[Event "Gyumri 2009"]
[Site "Gyumri ARM"]
[Date "2009.05.23"]
[Round "1.1"]
[White "Jumabayev, Rinat"]
[Black "Ponkratov, Pavel"]
[Result "1-0"]
[WhiteElo "2544"]
[BlackElo "2579"]
[PlyCount "165"]
[EventDate "2009.05.23"]
[EventType "tourn"]
[EventRounds "9"]
[EventCountry "ARM"]
[EventCategory "11"]
[Source "lmi"]
[SourceDate "2009.05.23"]

1. Nf3 Nf6 2. c4 c6 3. d4 d5 4. Qc2 Na6 5. e3 e5 6. dxe5 Nb4 7. Qb3 Ne4 8. a3
Na6 9. cxd5 Qa5+ 10. Bd2 Nxd2 11. Nbxd2 Bb4 12. Qd1 Bxd2+ 13. Qxd2 Qxd2+ 14.
Nxd2 cxd5 15. Rc1 Ke7 16. Nb3 Bd7 17. Bxa6 bxa6 18. Nd4 a5 19. a4 Rhc8 20. Kd2
f6 21. exf6+ gxf6 22. b3 Rxc1 23. Rxc1 Kd6 24. Kc3 Rb8 25. Rd1 Rb7 26. Rd2 Kc5
27. Ne2 Be6 28. Rd4 Kd6 29. Rf4 Rc7+ 30. Kb2 Ke7 31. Rh4 Bf5 32. Nc3 Ke6 33.
Rd4 Bg6 34. Rd1 a6 35. Rd2 Rd7 36. Ne2 Ke5 37. Nd4 Rc7 38. Rd1 Ke4 39. Ne6 Rc8
40. Nf4 Bf7 41. Ne2 Rg8 42. Rd4+ Ke5 43. Nf4 Rc8 44. Ne2 Rg8 45. g3 Rc8 46. Nc3
Rb8 47. Rd2 Rb4 48. Ne2 Ke4 49. Nd4 Rb6 50. Kc3 Ke5 51. Rc2 Kd6 52. Kb2 Be8 53.
Ka3 Bd7 54. Ne2 Be6 55. Rc3 Rb7 56. Nf4 Bf7 57. Kb2 Rb8 58. Kc2 Rb4 59. Ne2 Be6
60. Kd2 Rb7 61. Nd4 Bd7 62. Ke2 Bg4+ 63. f3 Bd7 64. Rc1 Rb8 65. Kd3 Re8 66. g4
Rg8 67. h3 h5 68. Rg1 hxg4 69. hxg4 Rh8 70. g5 fxg5 71. Rxg5 Be8 72. Rg7 Kc5
73. Rc7+ Kb4 74. Rb7+ Kc5 75. Kc3 Rh6 76. Re7 Bh5 77. Re5 Bf7 78. Rf5 Bg8 79.
Rf8 Rg6 80. f4 Rg3 81. Kd3 Bh7+ 82. f5 Rh3 83. Rf6 1-0

[Event "Gyumri 2009"]
[Site "Gyumri ARM"]
[Date "2009.05.23"]
[Round "1.2"]
[White "Gelashvili, Tamaz"]
[Black "Harutjunyan, Gevorg"]
[Result "1-0"]
[WhiteElo "2609"]
[BlackElo "2504"]
[PlyCount "109"]
[EventDate "2009.05.23"]
[EventType "tourn"]
[EventRounds "9"]
[EventCountry "ARM"]
[EventCategory "11"]
[Source "lmi"]
[SourceDate "2009.05.23"]

1. Nf3 Nf6 2. e3 g6 3. b3 Bg7 4. Bb2 d6 5. d4 Nbd7 6. Be2 O-O 7. O-O e5 8. dxe5
Ng4 9. c4 dxe5 10. h3 Nh6 11. Nc3 f5 12. e4 c6 13. Ba3 Re8 14. Qc2 Nf8 15. Rad1
Qf6 16. Bd6 Nf7 17. c5 Ne6 18. Bc4 Nxd6 19. cxd6 Bd7 20. Na4 b6 21. exf5 gxf5
22. Rfe1 e4 23. Nd4 Rad8 24. f3 b5 25. Nxe6 Bxe6 26. d7 Rxd7 27. Rxd7 bxc4 28.
Rdd1 cxb3 29. axb3 Bd5 30. fxe4 fxe4 31. Re3 Qg5 32. Qf2 Be5 33. Nc3 Rf8 34.
Qe1 Bf4 35. Nxd5 cxd5 36. Re2 Bc7 37. Qc3 Qf4 38. g3 Bb6+ 39. Kh2 Qf5 40. Qc6
Rd8 41. Qb5 Kg7 42. Ra2 h5 43. Rf1 Qe6 44. h4 Rc8 45. Rd2 Rc5 46. Qe2 Qg6 47.
Rc2 Qg4 48. Qxg4+ hxg4 49. Rxc5 Bxc5 50. Rf5 Bb6 51. Rxd5 Kf6 52. Kg2 Be3 53.
Kf1 Ke6 54. Rh5 Bb6 55. Rg5 1-0

[Event "Gyumri 2009"]
[Site "Gyumri ARM"]
[Date "2009.05.23"]
[Round "1.3"]
[White "Minasian, Ara"]
[Black "Ter-Sahakyan, Samvel"]
[Result "1-0"]
[WhiteElo "2460"]
[BlackElo "2486"]
[PlyCount "64"]
[EventDate "2009.05.23"]
[EventType "tourn"]
[EventRounds "9"]
[EventCountry "ARM"]
[EventCategory "11"]
[Source "lmi"]
[SourceDate "2009.05.23"]

1. c4 e5 2. Nc3 Nc6 3. g3 d6 4. Bg2 g6 5. Rb1 Be6 6. d3 Bg7 7. b4 Qd7 8. e3
Nge7 9. Nd5 O-O 10. Ne2 Bh3 11. Bxh3 Qxh3 12. Nxc7 Rac8 13. Nb5 d5 14. c5 Qg2
15. Rf1 Qxh2 16. Nd6 Rc7 17. b5 Nd8 18. Ba3 Ne6 19. Rc1 e4 20. d4 Ng5 21. Ng1
Nh3 22. Nxh3 Qxh3 23. Qa4 a6 24. Qa5 Qd7 25. c6 Nxc6 26. bxc6 bxc6 27. Kd2 Ra8
28. Nb5 Rb7 29. Nc3 Qf5 30. Ne2 Rb5 31. Qa4 Qd7 32. Nc3 Rb7 1-0

[Event "Gyumri 2009"]
[Site "Gyumri ARM"]
[Date "2009.05.23"]
[Round "1.4"]
[White "Kalashian, David"]
[Black "Chibukhchian, Artur"]
[Result "0-1"]
[WhiteElo "2427"]
[BlackElo "2467"]
[PlyCount "54"]
[EventDate "2009.05.23"]
[EventType "tourn"]
[EventRounds "9"]
[EventCountry "ARM"]
[EventCategory "11"]
[Source "lmi"]
[SourceDate "2009.05.23"]

1. d4 Nf6 2. c4 d6 3. Nc3 Nbd7 4. Nf3 g6 5. e4 e5 6. d5 Nc5 7. Qc2 a5 8. Be3 b6
9. h3 h5 10. Be2 Be7 11. Nd2 Nh7 12. O-O Bg5 13. f4 exf4 14. Bd4 O-O 15. Nf3
Bh6 16. Rae1 Re8 17. Bd3 Ng5 18. Nh2 Bd7 19. Kh1 Nh7 20. Nf3 Nxd3 21. Qxd3 f6
22. Bg1 Nf8 23. Nd4 Re5 24. Bh2 g5 25. Ncb5 Ng6 26. Nf5 Bxf5 27. exf5 Re7 0-1

[Event "Gyumri 2009"]
[Site "Gyumri ARM"]
[Date "2009.05.23"]
[Round "1.5"]
[White "Arutinian, David"]
[Black "Hovhannisyan, Robert"]
[Result "1/2-1/2"]
[WhiteElo "2548"]
[BlackElo "2439"]
[PlyCount "85"]
[EventDate "2009.05.23"]
[EventType "tourn"]
[EventRounds "9"]
[EventCountry "ARM"]
[EventCategory "11"]
[Source "lmi"]
[SourceDate "2009.05.23"]

1. d4 d5 2. c4 c6 3. Nf3 Nf6 4. e3 Bg4 5. h3 Bh5 6. Nc3 e6 7. g4 Bg6 8. Ne5
Nbd7 9. Nxg6 hxg6 10. cxd5 exd5 11. a3 Bd6 12. Bd3 Qe7 13. Qf3 Nf8 14. Bd2 Ne6
15. O-O-O Ng5 16. Qg2 O-O-O 17. h4 Ne6 18. Kb1 Kb8 19. f3 Nd7 20. Qf2 Nb6 21.
Bc1 c5 22. f4 Ka8 23. Bc2 Rc8 24. Bb3 Nc7 25. Ka1 Rhd8 26. Qf3 a6 27. dxc5 Bxc5
28. h5 d4 29. Ne4 Nb5 30. a4 Na7 31. Nxc5 Qxc5 32. exd4 Rxd4 33. Be3 Rxd1+ 34.
Rxd1 Qb4 35. Bxb6 Qxb6 36. Bxf7 gxh5 37. gxh5 Nc6 38. Qc3 Qc7 39. Bb3 Qxf4 40.
Qxg7 Nb4 41. Qg1 Qf3 42. Be6 Qc6 43. Bb3 1/2-1/2

[Event "Gyumri 2009"]
[Site "Gyumri ARM"]
[Date "2009.05.24"]
[Round "2.1"]
[White "Ponkratov, Pavel"]
[Black "Hovhannisyan, Robert"]
[Result "1/2-1/2"]
[WhiteElo "2579"]
[BlackElo "2439"]
[PlyCount "82"]
[EventDate "2009.05.23"]
[EventType "tourn"]
[EventRounds "9"]
[EventCountry "ARM"]
[EventCategory "11"]
[Source "lmi"]
[SourceDate "2009.05.23"]

1. e4 e5 2. d4 exd4 3. Nf3 Bc5 4. Bg5 Be7 5. Bxe7 Qxe7 6. Qxd4 Nf6 7. Nc3 Nc6
8. Qe3 O-O 9. O-O-O d6 10. h3 Be6 11. g4 a6 12. g5 Nd7 13. h4 b5 14. Qf4 Nde5
15. Nd5 Bxd5 16. exd5 Nxf3 17. Qxf3 Ne5 18. Qg3 Rfe8 19. Re1 Qf8 20. h5 Nd7 21.
Rd1 Nc5 22. h6 g6 23. f4 Qe7 24. Rh3 f6 25. Bg2 fxg5 26. fxg5 Qe5 27. Qh4 Re7
28. Rf3 Na4 29. Rd4 Qe1+ 30. Qxe1 Rxe1+ 31. Rd1 Rxd1+ 32. Kxd1 Nxb2+ 33. Kc1
Na4 34. Bh3 Nc5 35. Be6+ Nxe6 36. dxe6 Re8 37. Rf7 Rxe6 38. Rg7+ Kf8 39. Rxh7
c5 40. Ra7 Kg8 41. Kd2 d5 1/2-1/2

[Event "Gyumri 2009"]
[Site "Gyumri ARM"]
[Date "2009.05.24"]
[Round "2.3"]
[White "Ter-Sahakyan, Samvel"]
[Black "Kalashian, David"]
[Result "0-1"]
[WhiteElo "2486"]
[BlackElo "2427"]
[PlyCount "104"]
[EventDate "2009.05.23"]
[EventType "tourn"]
[EventRounds "9"]
[EventCountry "ARM"]
[EventCategory "11"]
[Source "lmi"]
[SourceDate "2009.05.23"]

1. e4 c6 2. d4 g6 3. Nc3 Bg7 4. Nf3 d6 5. Be3 Nf6 6. Qd2 b5 7. Bd3 Nbd7 8. Bh6
Bxh6 9. Qxh6 e5 10. h3 Qe7 11. O-O-O Bb7 12. Rhe1 a6 13. Kb1 O-O-O 14. a3 Nb6
15. Bf1 Rhe8 16. g3 exd4 17. Nxd4 d5 18. Nb3 c5 19. Na5 d4 20. Nxb7 Qxb7 21.
Qg5 dxc3 22. Qxf6 cxb2 23. h4 Rd4 24. Rxd4 cxd4 25. Qxd4 Na4 26. e5 Rd8 27. Qf4
Qd5 28. Bd3 Qc5 29. Qf3 Qd5 30. Qxd5 Rxd5 31. Ka2 Kd7 32. f4 Rd4 33. Kb3 Ke6
34. Rf1 h5 35. Re1 Rd8 36. Rd1 Rc8 37. Re1 Rc3+ 38. Ka2 Kd5 39. Rd1 Kc5 40. Re1
a5 41. Rb1 b4 42. axb4+ axb4 43. Rxb2 Nxb2 44. Kxb2 Kd5 45. Kb1 b3 46. Kb2 bxc2
47. Bxc2 Rxg3 48. Bb3+ Rxb3+ 49. Kxb3 Ke4 50. Kc4 Kxf4 51. Kd5 g5 52. hxg5 Kxg5
0-1

[Event "Gyumri 2009"]
[Site "Gyumri ARM"]
[Date "2009.05.24"]
[Round "2.4"]
[White "Harutjunyan, Gevorg"]
[Black "Minasian, Ara"]
[Result "1/2-1/2"]
[WhiteElo "2504"]
[BlackElo "2460"]
[PlyCount "98"]
[EventDate "2009.05.23"]
[EventType "tourn"]
[EventRounds "9"]
[EventCountry "ARM"]
[EventCategory "11"]
[Source "lmi"]
[SourceDate "2009.05.23"]

1. e4 e6 2. d4 d5 3. Nd2 c5 4. exd5 exd5 5. Bb5+ Bd7 6. Qe2+ Be7 7. dxc5 Nf6 8.
Ngf3 O-O 9. O-O Re8 10. Nb3 Bxc5 11. Qd3 Qb6 12. a4 a6 13. Nxc5 Qxc5 14. Be3
Qc7 15. Bxd7 Nbxd7 16. Ra3 Nc5 17. Rc3 Nxd3 18. Rxc7 Nxb2 19. Rb1 Nxa4 20.
Rbxb7 Reb8 21. Rxf7 Rxb7 22. Rxb7 Nc3 23. Nd4 h6 24. Nf5 Ne8 25. Kf1 Nb5 26.
Bf4 Ra7 27. Rxa7 Nxa7 28. Ne7+ Kf7 29. Nxd5 Nc6 30. Ke2 Ke6 31. c4 Ne5 32. Bxe5
Kxe5 33. Kd3 a5 34. f4+ Ke6 35. g4 Nd6 36. Kd4 h5 37. f5+ Kd7 38. c5 Nf7 39. f6
g6 40. gxh5 gxh5 41. Kc4 Ke6 42. Ne3 Kxf6 43. Kb5 Nd8 44. Kxa5 Ke5 45. Kb6 Ke4
46. Nc4 Kd5 47. Na5 h4 48. h3 Ke4 49. Nb7 Ne6 1/2-1/2

[Event "Gyumri 2009"]
[Site "Gyumri ARM"]
[Date "2009.05.24"]
[Round "2.5"]
[White "Jumabayev, Rinat"]
[Black "Gelashvili, Tamaz"]
[Result "1/2-1/2"]
[WhiteElo "2544"]
[BlackElo "2609"]
[PlyCount "100"]
[EventDate "2009.05.23"]
[EventType "tourn"]
[EventRounds "9"]
[EventCountry "ARM"]
[EventCategory "11"]
[Source "lmi"]
[SourceDate "2009.05.23"]

1. Nf3 Nf6 2. c4 e6 3. d4 d5 4. g3 Bb4+ 5. Bd2 Be7 6. Bg2 c6 7. Qc2 O-O 8. O-O
b6 9. Rd1 Bb7 10. b3 Nbd7 11. Nc3 Rc8 12. Bf4 Nh5 13. Bc1 f5 14. a4 a5 15. e3
Bd6 16. Ba3 Bxa3 17. Rxa3 Nhf6 18. Raa1 Qe7 19. Ne2 c5 20. Rac1 dxc4 21. bxc4
cxd4 22. exd4 Be4 23. Qa2 Kh8 24. Nc3 Bxf3 25. Bxf3 e5 26. Re1 e4 27. Bg2 Nb8
28. Bh3 g6 29. Nb5 Nc6 30. Qb2 Nb4 31. Bf1 Nd7 32. Kh1 Qf6 33. Qd2 Rfd8 34. Qe3
Nf8 35. c5 bxc5 36. dxc5 Nd3 37. Bxd3 Rxd3 38. Qe2 Nd7 39. Qa2 Rxc5 40. Rxc5
Nxc5 41. Qc4 Ne6 42. Qc6 Qe7 43. Qb6 Rd2 44. Rc1 Qd7 45. Nc7 Nf8 46. Qxa5 Qd3
47. Qe5+ Kg8 48. Kg1 Rd1+ 49. Rxd1 Qxd1+ 50. Kg2 Qf3+ 1/2-1/2

[Event "Gyumri 2009"]
[Site "Gyumri ARM"]
[Date "2009.05.25"]
[Round "3.1"]
[White "Gelashvili, Tamaz"]
[Black "Ponkratov, Pavel"]
[Result "1/2-1/2"]
[WhiteElo "2609"]
[BlackElo "2579"]
[PlyCount "82"]
[EventDate "2009.05.23"]
[EventType "tourn"]
[EventRounds "9"]
[EventCountry "ARM"]
[EventCategory "11"]
[Source "lmi"]
[SourceDate "2009.05.23"]

1. Nf3 Nf6 2. e3 d5 3. b3 Bg4 4. Bb2 Nbd7 5. h3 Bh5 6. Be2 e6 7. d3 a5 8. a3 h6
9. c4 c6 10. O-O Bd6 11. cxd5 exd5 12. Nh4 Bxe2 13. Qxe2 O-O 14. Nf5 Be5 15.
Bxe5 Nxe5 16. d4 Ng6 17. Nc3 Qd7 18. Qf3 Qe6 19. Rfc1 Ne7 20. Ng3 Nc8 21. Na4
Nd6 22. Nc5 Qe7 23. Nf5 Nxf5 24. Qxf5 Ra7 25. Qe5 Qd8 26. b4 Re8 27. Qf5 Qb6
28. b5 cxb5 29. Nd7 Nxd7 30. Qxd7 Rd8 31. Rc8 Ra8 32. Rxa8 Rxa8 33. Qxd5 b4 34.
Rb1 Rc8 35. axb4 axb4 36. Qd7 Ra8 37. Rb2 b3 38. g3 Qb4 39. Kg2 Qc3 40. Qxb7
Ra3 41. Qd7 Qxb2 1/2-1/2

[Event "Gyumri 2009"]
[Site "Gyumri ARM"]
[Date "2009.05.25"]
[Round "3.2"]
[White "Minasian, Ara"]
[Black "Jumabayev, Rinat"]
[Result "0-1"]
[WhiteElo "2460"]
[BlackElo "2544"]
[PlyCount "106"]
[EventDate "2009.05.23"]
[EventType "tourn"]
[EventRounds "9"]
[EventCountry "ARM"]
[EventCategory "11"]
[Source "lmi"]
[SourceDate "2009.05.23"]

1. c4 c5 2. Nc3 Nc6 3. g3 g6 4. Bg2 Bg7 5. Nf3 e5 6. d3 Nge7 7. Nd2 d6 8. Nf1
O-O 9. h4 h6 10. h5 g5 11. f4 g4 12. fxe5 dxe5 13. Ne3 f5 14. Ned5 Kh8 15. Nxe7
Qxe7 16. Be3 Nd4 17. Qd2 Kh7 18. O-O-O Be6 19. Bf2 Rad8 20. Nd5 Qd6 21. e3 Nc6
22. Kb1 b6 23. Rhf1 Ne7 24. e4 f4 25. gxf4 exf4 26. Bh4 Bxd5 27. exd5 f3 28.
Rfe1 Nf5 29. Bxd8 Qxd8 30. Bf1 Qg5 31. Re6 g3 32. Bh3 Qxd2 33. Rxd2 Nh4 34. Rd1
g2 35. d6 f2 36. Bxg2 Nxg2 37. Rf1 Nf4 38. Re7 Nxd3 39. d7 Rd8 40. b3 a5 41. a4
Ne5 42. Rxf2 Rxd7 43. Rxd7 Nxd7 44. Kc2 Nf6 45. Rf5 Kg8 46. b4 axb4 47. a5 bxa5
48. Rxc5 a4 49. Ra5 b3+ 50. Kc1 Ne4 51. Rxa4 b2+ 52. Kc2 b1=Q+ 53. Kxb1 Nc3+
0-1

[Event "Gyumri 2009"]
[Site "Gyumri ARM"]
[Date "2009.05.25"]
[Round "3.3"]
[White "Kalashian, David"]
[Black "Harutjunyan, Gevorg"]
[Result "1/2-1/2"]
[WhiteElo "2427"]
[BlackElo "2504"]
[PlyCount "105"]
[EventDate "2009.05.23"]
[EventType "tourn"]
[EventRounds "9"]
[EventCountry "ARM"]
[EventCategory "11"]
[Source "lmi"]
[SourceDate "2009.05.23"]

1. d4 Nf6 2. c4 d6 3. Nc3 Nbd7 4. e4 e5 5. d5 Nc5 6. Qc2 a5 7. Nf3 g6 8. Be3 b6
9. h3 Nh5 10. Qd2 Bg7 11. Be2 Nf4 12. Bxf4 exf4 13. Qxf4 O-O 14. O-O Re8 15.
Rfe1 Bxc3 16. bxc3 Rxe4 17. Qh6 Qf8 18. Qxf8+ Kxf8 19. Ng5 Re5 20. f4 Re3 21.
Nxh7+ Kg7 22. Ng5 Ba6 23. Bf1 Ree8 24. g4 Na4 25. Ne4 Re7 26. f5 Re5 27. fxg6
fxg6 28. Nd2 Rae8 29. Rxe5 Rxe5 30. Nf3 Re3 31. Kf2 Rxc3 32. Nd2 Nc5 33. h4 Bc8
34. g5 Bg4 35. Re1 Rc2 36. Kg3 Bf5 37. Nf3 Rxa2 38. h5 gxh5 39. Re7+ Kf8 40.
Rxc7 a4 41. Ra7 a3 42. Nd4 Bd7 43. Bh3 Ne4+ 44. Kf4 Bxh3 45. Kxe4 h4 46. Ke3
Bg4 47. Kf4 Bh5 48. Ne6+ Kg8 49. Ra8+ Kf7 50. Ra7+ Kg8 51. Ra8+ Kf7 52. Ra7+
Kg8 53. Ra8+ 1/2-1/2

[Event "Gyumri 2009"]
[Site "Gyumri ARM"]
[Date "2009.05.25"]
[Round "3.4"]
[White "Arutinian, David"]
[Black "Ter-Sahakyan, Samvel"]
[Result "1/2-1/2"]
[WhiteElo "2548"]
[BlackElo "2486"]
[PlyCount "85"]
[EventDate "2009.05.23"]
[EventType "tourn"]
[EventRounds "9"]
[EventCountry "ARM"]
[EventCategory "11"]
[Source "lmi"]
[SourceDate "2009.05.23"]

1. d4 d5 2. c4 c6 3. Nf3 Nf6 4. Nc3 e6 5. Bg5 h6 6. Bxf6 Qxf6 7. e3 Nd7 8. Bd3
g6 9. O-O Bg7 10. e4 dxc4 11. Bxc4 e5 12. d5 Nb6 13. Bb3 Bg4 14. Rc1 O-O 15. h3
Bxf3 16. Qxf3 Qxf3 17. gxf3 Rfc8 18. dxc6 bxc6 19. Rfd1 Bf8 20. Na4 Rc7 21. Nc5
a5 22. Rd3 Kg7 23. Kf1 Be7 24. Rdc3 Bd6 25. Bd1 Kf8 26. Be2 Ke7 27. Na6 Rcc8
28. Rxc6 Rxc6 29. Rxc6 Nd7 30. Bc4 Nb8 31. Nxb8 Rxb8 32. b3 Rd8 33. Ra6 Bb4 34.
a3 Bc3 35. Bd5 Rd6 36. Ra8 Rd8 37. Rxd8 Kxd8 38. Bxf7 g5 39. Ke2 Bb2 40. b4
Bxa3 41. bxa5 Bc1 42. Kd3 Kc7 43. Kc4 1/2-1/2

[Event "Gyumri 2009"]
[Site "Gyumri ARM"]
[Date "2009.05.25"]
[Round "3.5"]
[White "Hovhannisyan, Robert"]
[Black "Chibukhchian, Artur"]
[Result "1/2-1/2"]
[WhiteElo "2439"]
[BlackElo "2467"]
[PlyCount "93"]
[EventDate "2009.05.23"]
[EventType "tourn"]
[EventRounds "9"]
[EventCountry "ARM"]
[EventCategory "11"]
[Source "lmi"]
[SourceDate "2009.05.23"]

1. e4 c5 2. Nf3 e6 3. d4 cxd4 4. Nxd4 a6 5. Nc3 Qc7 6. Bd3 Nc6 7. Nxc6 Qxc6 8.
O-O b5 9. Re1 Bb7 10. a4 b4 11. Nd5 Nf6 12. Nxf6+ gxf6 13. Qf3 f5 14. Bf4 Bg7
15. Qg3 Bxb2 16. Rab1 Bc3 17. Be5 Bxe1 18. Bxh8 Bc3 19. Bxc3 Qxc3 20. exf5
O-O-O 21. a5 e5 22. Qg4 d5 23. f6+ Kc7 24. Bxh7 e4 25. Qf4+ Rd6 26. h4 Qxf6 27.
Qxf6 Rxf6 28. Rxb4 Rh6 29. Bg8 Rxh4 30. g3 Rg4 31. Bxf7 e3 32. Rb1 d4 33. Bc4
Rg5 34. Re1 Rh5 35. fxe3 Rh1+ 36. Kf2 Rh2+ 37. Kf1 Rxc2 38. Bd3 Rd2 39. Bf5
dxe3 40. Rxe3 Ra2 41. Re7+ Kb8 42. Re5 Kc7 43. g4 Kd6 44. Re6+ Kc5 45. Be4 Bxe4
46. Rxe4 Kd6 47. Re3 1/2-1/2

[Event "Gyumri 2009"]
[Site "Gyumri ARM"]
[Date "2009.05.26"]
[Round "4.1"]
[White "Ponkratov, Pavel"]
[Black "Chibukhchian, Artur"]
[Result "1/2-1/2"]
[WhiteElo "2579"]
[BlackElo "2467"]
[PlyCount "65"]
[EventDate "2009.05.23"]
[EventType "tourn"]
[EventRounds "9"]
[EventCountry "ARM"]
[EventCategory "11"]
[Source "lmi"]
[SourceDate "2009.05.23"]

1. d4 d5 2. c4 dxc4 3. Nf3 a6 4. e4 b5 5. a4 Bb7 6. Nc3 e6 7. axb5 axb5 8. Rxa8
Bxa8 9. Nxb5 Bxe4 10. Bxc4 Bb4+ 11. Nc3 Bxf3 12. Qxf3 Ne7 13. Qb7 Ba5 14. O-O
O-O 15. Qe4 Nf5 16. Rd1 Nd6 17. Qe2 Nxc4 18. Qxc4 Qd6 19. g3 Qa6 20. Qa4 Bb6
21. Bf4 Rd8 22. d5 Qc8 23. Re1 Nd7 24. dxe6 fxe6 25. Qc4 Nf8 26. Ne4 Qd7 27.
Rc1 Qd5 28. Qe2 Rd7 29. Nc3 Qf5 30. Qb5 Qxb5 31. Nxb5 e5 32. Be3 Bxe3 33. fxe3
1/2-1/2

[Event "Gyumri 2009"]
[Site "Gyumri ARM"]
[Date "2009.05.26"]
[Round "4.2"]
[White "Ter-Sahakyan, Samvel"]
[Black "Hovhannisyan, Robert"]
[Result "1-0"]
[WhiteElo "2486"]
[BlackElo "2439"]
[PlyCount "135"]
[EventDate "2009.05.23"]
[EventType "tourn"]
[EventRounds "9"]
[EventCountry "ARM"]
[EventCategory "11"]
[Source "lmi"]
[SourceDate "2009.05.23"]

1. e4 e5 2. Nf3 Nf6 3. d4 Nxe4 4. Bd3 Nc6 5. dxe5 Nc5 6. O-O d6 7. Bb5 Ne6 8.
Re1 d5 9. Nc3 a6 10. Bxc6+ bxc6 11. Nd4 c5 12. Nxe6 Bxe6 13. b3 c4 14. bxc4 Bb4
15. Bd2 dxc4 16. Rb1 a5 17. Qc1 O-O 18. a3 Bxa3 19. Qxa3 Qxd2 20. Re2 Qf4 21.
h3 Ra6 22. Rb7 Rc6 23. Rb5 Qg5 24. Re3 Qg6 25. Rxa5 Rb6 26. Qc1 Kh8 27. Rg3 Qh6
28. Qxh6 gxh6 29. Rc5 Rb2 30. Rxc7 Rg8 31. Rxg8+ Kxg8 32. Ne2 Rxc2 33. Nd4 Rc1+
34. Kh2 Re1 35. f4 Re4 36. Nxe6 fxe6 37. Kg3 h5 38. Re7 c3 39. Rc7 Re3+ 40. Kh4
Rd3 41. g4 hxg4 42. hxg4 Rf3 43. Kg5 h6+ 44. Kg6 Rxf4 45. Rc8+ Rf8 46. Rxc3 Ra8
47. Rc7 Kf8 48. Kxh6 Ra1 49. Kg6 Rf1 50. Ra7 Rf2 51. g5 Rf1 52. Ra8+ Ke7 53.
Kh6 Rf2 54. g6 Rh2+ 55. Kg7 Rf2 56. Ra7+ Ke8 57. Rf7 Ra2 58. Kf6 Rf2+ 59. Kxe6
Ra2 60. Rb7 Kf8 61. Rf7+ Kg8 62. Kf6 Rf2+ 63. Ke7 Rg2 64. e6 Ra2 65. Kf6 Ra1
66. e7 Ra6+ 67. Kg5 Re6 68. Kh6 1-0

[Event "Gyumri 2009"]
[Site "Gyumri ARM"]
[Date "2009.05.26"]
[Round "4.3"]
[White "Harutjunyan, Gevorg"]
[Black "Arutinian, David"]
[Result "1-0"]
[WhiteElo "2504"]
[BlackElo "2548"]
[PlyCount "191"]
[EventDate "2009.05.23"]
[EventType "tourn"]
[EventRounds "9"]
[EventCountry "ARM"]
[EventCategory "11"]
[Source "lmi"]
[SourceDate "2009.05.23"]

1. e4 d6 2. d4 g6 3. Nc3 Nf6 4. g3 Bg7 5. Bg2 O-O 6. Nge2 e5 7. O-O c6 8. a4 a5
9. h3 Na6 10. Be3 Nb4 11. Qd2 Be6 12. f4 Bc4 13. Rf2 exd4 14. Nxd4 Re8 15. b3
Ba6 16. Rd1 Qe7 17. Ndb5 cxb5 18. axb5 Rac8 19. e5 dxe5 20. fxe5 Qxe5 21. Bd4
Qe6 22. bxa6 bxa6 23. Bxf6 Bxf6 24. Nd5 Nxd5 25. Bxd5 Qb6 26. Kg2 Kh8 27. Bxf7
Red8 28. Bd5 Bc3 29. Qg5 Rd7 30. Rdf1 Qc5 31. Rd1 Rcd8 32. Rf7 Rxf7 33. Qxd8+
Rf8 34. Qg5 Qf2+ 35. Kh1 Qe2 36. Qg4 Qxc2 37. Rg1 Be5 38. Rg2 Qc1+ 39. Kh2 Qe1
40. Qe4 Qc3 41. Qc4 Qa1 42. Qxa6 Qe1 43. Qb6 Kg7 44. Bc4 Kh6 45. Qg1 Qc3 46.
Bd5 Rd8 47. Bc4 Rf8 48. Bd5 Rf5 49. Qd1 Kg7 50. Be4 Rf6 51. Qd7+ Rf7 52. Qd3
Qe1 53. Bf3 h5 54. Qe2 Qc3 55. Bd5 Re7 56. Qe4 Bd6 57. Qa4 Kh6 58. Qc4 Qe1 59.
Qd4 Be5 60. Qg1 Qc3 61. h4 Bd6 62. Qf2 Re3 63. Kh3 Qd4 64. Bf3 Qd3 65. Bd5 Qd4
66. Bf3 Qe5 67. Qd2 Kh7 68. Qd5 Qf6 69. Be4 Kg7 70. Bd3 Be5 71. Qc4 Qf3 72. Be2
Qf5+ 73. Kh2 Re4 74. Bd3 Rxc4 75. Bxf5 Rxh4+ 76. Bh3 Rb4 77. Re2 Bb8 78. Be6 h4
79. Kg2 Bxg3 80. Bd5 Rd4 81. Be6 Kf6 82. Kh3 g5 83. Bc8 Be5 84. Re3 Rd2 85. Kg4
Rd4+ 86. Kh3 Bf4 87. Rc3 Rd5 88. Bb7 Rd2 89. Bc8 Ke5 90. Rc5+ Kd4 91. Rxa5 Rd3+
92. Kg4 Rg3+ 93. Kf5 h3 94. Ra4+ Kc3 95. Bb7 h2 96. Ra8 1-0

[Event "Gyumri 2009"]
[Site "Gyumri ARM"]
[Date "2009.05.26"]
[Round "4.4"]
[White "Jumabayev, Rinat"]
[Black "Kalashian, David"]
[Result "1-0"]
[WhiteElo "2544"]
[BlackElo "2427"]
[PlyCount "61"]
[EventDate "2009.05.23"]
[EventType "tourn"]
[EventRounds "9"]
[EventCountry "ARM"]
[EventCategory "11"]
[Source "lmi"]
[SourceDate "2009.05.23"]

1. Nf3 Nf6 2. c4 e6 3. d4 b6 4. g3 Ba6 5. Qc2 Bb4+ 6. Bd2 Be7 7. e4 d5 8. cxd5
Bxf1 9. Kxf1 exd5 10. e5 Ne4 11. Nc3 Nxc3 12. bxc3 Qd7 13. h4 Nc6 14. Ng5 Nd8
15. Nxh7 Ne6 16. Kg2 O-O-O 17. Ng5 Bxg5 18. hxg5 g6 19. Qd3 Qa4 20. Qf3 Rxh1
21. Rxh1 Rd7 22. Rh8+ Kb7 23. Rh7 Nd8 24. Be3 Kc8 25. Qf6 Qc2 26. Rh8 Qxc3 27.
e6 fxe6 28. Qxg6 e5 29. Qf5 Qb4 30. g6 Qe7 31. Bg5 1-0

[Event "Gyumri 2009"]
[Site "Gyumri ARM"]
[Date "2009.05.26"]
[Round "4.5"]
[White "Gelashvili, Tamaz"]
[Black "Minasian, Ara"]
[Result "1/2-1/2"]
[WhiteElo "2609"]
[BlackElo "2460"]
[PlyCount "98"]
[EventDate "2009.05.23"]
[EventType "tourn"]
[EventRounds "9"]
[EventCountry "ARM"]
[EventCategory "11"]
[Source "lmi"]
[SourceDate "2009.05.23"]

1. Nf3 c5 2. e3 g6 3. d4 Bg7 4. Bd3 Nf6 5. O-O O-O 6. c3 d6 7. h3 Nc6 8. e4 e5
9. dxe5 dxe5 10. Bg5 Qc7 11. Bxf6 Bxf6 12. Nbd2 Be6 13. Qe2 a6 14. a4 Rad8 15.
Bc4 Bd7 16. Nb3 Ne7 17. Rfd1 a5 18. Nh2 b6 19. Ng4 Bg5 20. Nd2 Bxg4 21. hxg4
Bxd2 22. Rxd2 Rxd2 23. Qxd2 Rd8 24. Qe2 Kg7 25. g5 Ng8 26. Rd1 h6 27. gxh6+
Nxh6 28. Bd5 Ng8 29. Rd3 Nf6 30. Qd2 Rh8 31. Rf3 Qe7 32. Qd3 Rh4 33. c4 Qd8 34.
Rh3 Qh8 35. Rxh4 Qxh4 36. g3 Qh3 37. Qf3 Qd7 38. Qb3 Qc7 39. Kg2 Ne8 40. Qc3
Kf8 41. f4 exf4 42. Qh8+ Ke7 43. Qh4+ Kf8 44. Qh6+ Ke7 45. gxf4 Qd7 46. Qg5+
Kf8 47. b3 Kg7 48. Qe5+ f6 49. Qb8 Qg4+ 1/2-1/2

[Event "Gyumri 2009"]
[Site "Gyumri ARM"]
[Date "2009.05.27"]
[Round "5.1"]
[White "Minasian, Ara"]
[Black "Ponkratov, Pavel"]
[Result "1-0"]
[WhiteElo "2460"]
[BlackElo "2579"]
[PlyCount "89"]
[EventDate "2009.05.23"]
[EventType "tourn"]
[EventRounds "9"]
[EventCountry "ARM"]
[EventCategory "11"]
[Source "lmi"]
[SourceDate "2009.05.23"]

1. c4 e5 2. Nc3 Nf6 3. Nf3 Nc6 4. g3 d5 5. cxd5 Nxd5 6. Bg2 Be6 7. O-O Be7 8.
d4 Nxc3 9. bxc3 e4 10. Nd2 f5 11. g4 Bd6 12. f4 exf3 13. Nxf3 f4 14. e4 fxe3
15. Bxe3 Be7 16. Rb1 O-O 17. Rxb7 Bxg4 18. Qa4 Qd6 19. Nd2 Rxf1+ 20. Nxf1 Bd7
21. Qc4+ Kh8 22. Qd5 Re8 23. c4 Qxd5 24. cxd5 Nb8 25. Rxc7 Bf6 26. Rxa7 Bb5 27.
Ra8 h5 28. Bf2 Na6 29. Rxe8+ Bxe8 30. Nd2 Nb4 31. Ne4 Nxa2 32. Nxf6 gxf6 33.
Be1 Nc1 34. Bf1 Kg7 35. d6 Ba4 36. Bc4 Kf8 37. Bh4 Ke8 38. Bxf6 Kd7 39. Be5 Nb3
40. Be2 h4 41. Bd1 Ke6 42. Bg4+ Kd5 43. d7 Bxd7 44. Bxd7 Nxd4 45. Bf6 1-0